<?xml version="1.0" encoding="UTF-8"?>
<record
    xmlns:xsi="http://www.w3.org/2001/XMLSchema-instance"
    xsi:schemaLocation="http://www.loc.gov/MARC21/slim http://www.loc.gov/standards/marcxml/schema/MARC21slim.xsd"
    xmlns="http://www.loc.gov/MARC21/slim">

  <leader>01008nam a2200181Ia 4500</leader>
  <datafield tag="952" ind1=" " ind2=" ">
    <subfield code="0">0</subfield>
    <subfield code="1">0</subfield>
    <subfield code="2">lcc</subfield>
    <subfield code="4">0</subfield>
    <subfield code="7">0</subfield>
    <subfield code="a">03</subfield>
    <subfield code="b">03</subfield>
    <subfield code="d">2001-05-15</subfield>
    <subfield code="l">0</subfield>
    <subfield code="o">HF5681.B2 C3 1992</subfield>
    <subfield code="p">03 001364</subfield>
    <subfield code="r">2012-07-20</subfield>
    <subfield code="t">1</subfield>
    <subfield code="w">2012-07-20</subfield>
    <subfield code="y">LB</subfield>
  </datafield>
  <datafield tag="952" ind1=" " ind2=" ">
    <subfield code="0">0</subfield>
    <subfield code="1">0</subfield>
    <subfield code="2">lcc</subfield>
    <subfield code="4">0</subfield>
    <subfield code="7">0</subfield>
    <subfield code="a">03</subfield>
    <subfield code="b">03</subfield>
    <subfield code="d">2018-05-03</subfield>
    <subfield code="l">0</subfield>
    <subfield code="o">HF5681.B2 C3 1992</subfield>
    <subfield code="p">03 007208</subfield>
    <subfield code="r">2018-05-03</subfield>
    <subfield code="t">2</subfield>
    <subfield code="w">2018-05-03</subfield>
    <subfield code="y">LB</subfield>
  </datafield>
  <datafield tag="999" ind1=" " ind2=" ">
    <subfield code="c">79121</subfield>
    <subfield code="d">79121</subfield>
  </datafield>
  <controlfield tag="008">120720s1993    mx            000 0 spa d</controlfield>
  <datafield tag="020" ind1=" " ind2=" ">
    <subfield code="a">9686161104</subfield>
  </datafield>
  <datafield tag="050" ind1=" " ind2=" ">
    <subfield code="a">HF5681.B2</subfield>
    <subfield code="b">C3 1993</subfield>
  </datafield>
  <datafield tag="100" ind1=" " ind2=" ">
    <subfield code="a">Calvo Langarica, C&#xE9;sar</subfield>
    <subfield code="e">autor</subfield>
  </datafield>
  <datafield tag="245" ind1=" " ind2=" ">
    <subfield code="a">An&#xE1;lisis e Interpretaci&#xF3;n de Estados Financieros</subfield>
    <subfield code="c"> / Cesar Calvo Langarica</subfield>
  </datafield>
  <datafield tag="250" ind1=" " ind2=" ">
    <subfield code="a">8a. edici&#xF3;n</subfield>
  </datafield>
  <datafield tag="260" ind1=" " ind2=" ">
    <subfield code="a">M&#xE9;xico</subfield>
    <subfield code="b"> : PAC</subfield>
    <subfield code="c">, 1992</subfield>
  </datafield>
  <datafield tag="300" ind1=" " ind2=" ">
    <subfield code="a">416 p&#xE1;ginas</subfield>
  </datafield>
  <datafield tag="505" ind1=" " ind2=" ">
    <subfield code="a">Aspectos generales
M&#xE9;todo de razones
M&#xE9;todo de por cientos integrales
M&#xE9;todos gr&#xE1;ficos
Punto de equilibrio econ&#xF3;mico
M&#xE9;todos din&#xE1;micos
Estados de resultados por diferencias
M&#xE9;todo de tendencias
Deficiencias financieras
Determinaci&#xF3;n del volumen de la &#xF3;ptima utilidad
Los presupuestos y control presupuestal
Capital de trabajo
Pr&#xE1;ctica "Fabrica de Papel Los Reyes, S. A. de C. V."
"Productos pradera, S. A. de C. V."
"Empresa ARTIMET, S. A. de C. V."</subfield>
  </datafield>
  <datafield tag="519" ind1=" " ind2=" ">
    <subfield code="a">Material Complementario / </subfield>
    <subfield code="d">(03 001364) (03 007208)</subfield>
  </datafield>
  <datafield tag="650" ind1="1" ind2="4">
    <subfield code="a">ESTADOS FINANCIEROS</subfield>
  </datafield>
  <datafield tag="942" ind1=" " ind2=" ">
    <subfield code="c">LB</subfield>
  </datafield>
</record>
